| 000 | 00623nam a2200241Ia 4500 | ||
|---|---|---|---|
| 001 | 17589 | ||
| 003 | AR-BaAGN | ||
| 005 | 20241219115148.0 | ||
| 007 | ta | ||
| 008 | 211213s1949 ag |||||||||||||| ||spa d | ||
| 040 |
_dAR-BaAGN _aAR-BaAGN _bspa _eaacr |
||
| 100 | _aKirchhoff, Herbert | ||
| 245 | 1 | 0 | _aLa Argentina |
| 260 |
_aBuenos Aires : _bG. Kraft, _c1949. |
||
| 300 |
_a2 volúmenes : _bilustraciones |
||
| 336 |
_2rdacontent _btxt |
||
| 337 |
_2rdamedia _bn |
||
| 338 |
_2rdacarrier _bnc |
||
| 651 | 4 |
_aArgentina _93645 |
|
| 700 | 1 |
_aCapdevila, Arturo, _d1889-1967 _eaui _98829 |
|
| 942 | _cLIBRO | ||
| 999 |
_c17589 _d17589 |
||